[Event "Villamaria op 2nd"]
[Site "Villamaria"]
[Date "2016.07.03"]
[Round "5"]
[White "Hurtado Tovar, Luis Felipe"]
[Black "Cardozo, Stid Jafhar"]
[Result "0-1"]
[WhiteElo "1814"]
[BlackElo "1852"]
[PlyCount "134"]
[EventDate "2016.07.02"]
[EventType "swiss"]
[EventRounds "7"]
[EventCountry "COL"]
[SourceTitle "CBM 173 Extra"]
[Source "ChessBase"]
[SourceDate "2016.08.29"]
[SourceVersion "1"]
[SourceVersionDate "2016.08.29"]
[SourceQuality "1"]

1. d4 Nf6 2. c4 e6 3. Nc3 Bb4 4. Bg5 h6 5. Bh4 b6 6. Nf3 Bb7 7. e3 g5 8. Bg3 Ne4 9. Nd2 Nxc3 10. bxc3 Bxc3 11. Qc2 Bxa1 12. Be5 0-0 13. Nb3 d6 14. Bg3 Nd7 15. Nxa1 Nf6 16. f3 Kg7 17. Be2 Qe7 18. e4 e5 19. d5 c6 20. Qd2 Nh5 21. Bf2 cxd5 22. cxd5 Rac8 23. Be3 Nf4 24. g3 Ng2+ 25. Kf2 Nxe3 26. Qxe3 Qc7 27. Nb3 Qc3 28. Bd3 Qb2+ 29. Qd2 Qxd2+ 30. Nxd2 Rc3 31. Bb1 Ba6 32. Re1 Rfc8 33. Nb3 Bc4 34. Na1 a5 35. Rd1 Bxa2 36. Bxa2 Rc1 37. Rd2 Rxa1 38. Rb2 b5 39. Bb1 Rc1 40. Bd3 b4 41. Bb5 Rh1 42. Kg2 Rag1+ 43. Kh3 Rb1 44. Ra2 b3 45. Rxa5 Rb2 46. Kg4 Rbxh2 47. Be8 b2 48. Ra7 Kf8 49. Bxf7 b1Q 50. Be6 Ke8 51. Ra8+ Ke7 52. Ra7+ Kd8 53. Rd7+ Kc8 54. Rxd6+ Kb8 55. Rd8+ Ka7 56. Rd7+ Kb6 57. Rd6+ Kc5 58. Rc6+ Kd4 59. d6 Rc2 60. d7 Rxc6 61. d8Q+ Ke3 62. Qd5 Qd1 63. Qxd1 Rxd1 64. Bd5 Rxd5 65. exd5 Rd6 66. Kh5 Kxf3 67. g4 Rxd5 0-1